000 00777nam a2200229Ia 4500
001 10862
003 GE_BSU
008 181216s||||||||xx |||||||||||||| ||und||
040 _cGE_BSU
080 _a821.353.1–32
100 _aქეთელაური,სულხან
245 _aრა მიამბო მეტყევემ.
245 _bმოთხრობები.
245 _cრედ.მაყვალა კალანდარიშვილი;მხატვ.თ.კარბელაშვილი.
260 _aთბილისი.
260 _bნაკადული.
260 _c1986.
300 _a230გვ;20სმ.
300 _eილ.
653 _aრა მიამბო მეტყევემ.
942 _cBK
999 _c44104
_d44104